| 000 | 00544cam a2200193 4500 | ||
|---|---|---|---|
| 001 | D4731 | ||
| 008 | 090401t1977 xxu||||| |||| 00| 0 eng d | ||
| 035 | _a(Sirsi) u14963 | ||
| 041 | _aeng | ||
| 050 | _a549.66 | ||
| 110 |
_aGreat Britain _bHealth and Safety Executive |
||
| 245 | _aSelected written evidence submitted to the Advisory Committee on Asbestos 1976-77 | ||
| 260 |
_aLondon _bHMSO _c1977 |
||
| 300 | _av. 152p. 30cm | ||
| 350 | _a5 | ||
| 520 | _aIncludes evidence from RICS working party. | ||
| 942 | _n0 | ||
| 948 | _c04/03/1997 | ||
| 999 |
_c87232 _d87232 |
||